The Shadow Economy in the USSR - 1: A Survey of Soviet Research; 2: Sizing Up the Shadow Economy (Review and Analysis of Soviet Estimates (Record no. 76)

MARC details
000 -LEADER
fixed length control field 00656nam a22002177i 4500
001 - CONTROL NUMBER
control field 76
003 - CONTROL NUMBER IDENTIFIER
control field OSt
005 - DATE AND TIME OF LATEST TRANSACTION
control field 20170126082238.0
007 - PHYSICAL DESCRIPTION FIXED FIELD--GENERAL INFORMATION
fixed length control field tu
008 - FIXED-LENGTH DATA ELEMENTS--GENERAL INFORMATION
fixed length control field 161220s1992 xxu||||| |||| 00| 0 d
024 7# - OTHER STANDARD IDENTIFIER
Standard number or code 75
Source of number or code RID
040 ## - CATALOGING SOURCE
Transcribing agency OSt
084 ## - OTHER CLASSIFICATION NUMBER
Classification number 8.24
Number source z
100 1# - MAIN ENTRY--PERSONAL NAME
Personal name Rutgaizer, Valeriy M.
245 00 - TITLE STATEMENT
Title The Shadow Economy in the USSR - 1: A Survey of Soviet Research; 2: Sizing Up the Shadow Economy (Review and Analysis of Soviet Estimates
260 ## - PUBLICATION, DISTRIBUTION, ETC.
Place of publication, distribution, etc. Berkeley, Durham :
Name of publisher, distributor, etc. WEFA Group,
Date of publication, distribution, etc. 1992.
300 ## - PHYSICAL DESCRIPTION
Extent 77 S. ;
Dimensions 30cm.
490 ## - SERIES STATEMENT
Series statement Berkeley-Duke Occasional Papers on the Second Economy
Volume/sequential designation 34
651 ## - SUBJECT ADDED ENTRY--GEOGRAPHIC NAME
Geographic name Soviet Union
700 1# - ADDED ENTRY--PERSONAL NAME
Personal name Treml, V.G.
Relator term Ed.
942 ## - ADDED ENTRY ELEMENTS (KOHA)
Koha item type Book
Holdings
Withdrawn status Lost status Damaged status Not for loan Home library Current library Shelving location Date acquired Inventory number Total Checkouts Full call number Barcode Date last seen Price effective from Koha item type
        WIIW WIIW Souterrain 03/10/1992 76   II-4.280/34 300074 01/26/2017 01/26/2017 Book
The Vienna Instiute for International Economic Studies (wiiw)